000 00447nam a2200181Ia 4500
001 20247
005 20260306172752.0
008 260306t2005||||xx |||||||||||||| ||spa||
041 _aESP
082 _a343CP1
_bM44
100 _aMesía Ramírez, Carlos
_eAUT
245 0 _aExégesis del código procesal constitucional
260 _c2005
300 _a813 páginas :
_c24 cm.
650 _aGEN
654 _aCDE
942 _cLIB
_dJUS
_fJUS
_2ddc
_n
999 _c20247
_d20247